La galatea. tomo 2 /

Guardado en:
Autor Principal: Cervantes Saavedra, Miguel De
Formato: Libro
Publicado: Madrid : Imp.b.rodriguez, 1914
Materias:
Etiquetas: Agregar Etiqueta
Sin Etiquetas, Sea el primero en etiquetar este registro!
LEADER 00538nam a22001575a 4500
001 EHU.bham017913
003 AR-BHAM
005 20101025163806.0
008 130507s1914##################000#0#####d
082 8 6 |a 863.3 
100 1 |a Cervantes Saavedra, Miguel De 
245 1 0 |a La galatea. tomo 2 /  |c Miguel De Cervantes Saavedra 
260 |a Madrid :  |b Imp.b.rodriguez,  |c 1914 
500 |a Schevill, Rodolfo Y Bonilla, Adolfo, Ed. 
653 |a Novela espaÑola-1517-1700 
859 |a AR-BHAM  |b BIB. HUMANIDADES - Arturo Marasso  |h 863.3  |i C337-4  |p 3052.57  |t Ej.1  |v II M  |3 II